8-Letter State Capitals Quiz Stats

Quiz Updated Aug 12, 2013

Challenge
Share
Tweet
Embed
Score 0/7 Timer 02:00
2 Plays Today
% Correct
Columbus
73.5%
Honolulu
66.3%
Columbia
63.9%
Bismarck
62.7%
Hartford
59.8%
Richmond
58.9%
Cheyenne
53.8%

You're not logged in!

Compare scores with friends on all Sporcle quizzes.
Sign Up with Email
OR
Log In

You Might Also Like...

Show Comments

Extras

Top Quizzes Today


Score Distribution

Your Account Isn't Verified!

In order to create a playlist on Sporcle, you need to verify the email address you used during registration. Go to your Sporcle Settings to finish the process.